God, the rod, and your child's bod: (Record no. 14743)

000 -LEADER
fixed length control field 00651nam a2200181 a 4500
001 - CONTROL NUMBER
control field :::00012577$&:&@@
003 - CONTROL NUMBER IDENTIFIER
control field OkBaRHE
005 - DATE AND TIME OF LATEST TRANSACTION
control field 20000607103420.0
008 - FIXED-LENGTH DATA ELEMENTS--GENERAL INFORMATION
fixed length control field s1982 j 000 0 eng u
040 ## - CATALOGING SOURCE
Transcribing agency
100 1# - MAIN ENTRY--PERSONAL NAME
Personal name Tomczak, Larry, 1949-
245 10 - TITLE STATEMENT
Title God, the rod, and your child's bod:
Remainder of title the art of loving correction for Christian parents.
260 ## - PUBLICATION, DISTRIBUTION, ETC. (IMPRINT)
Place of publication, distribution, etc Old Tappan, NJ., :
Name of publisher, distributor, etc Fleming H. Revell Co.
Date of publication, distribution, etc c1982
300 ## - PHYSICAL DESCRIPTION
Extent 124 p. ;
Dimensions 21 cm.
650 ## - SUBJECT ADDED ENTRY--TOPICAL TERM
Topical term or geographic name as entry element Discipline of Children
General subdivision Religious Aspects
-- Christianity
942 ## - ADDED ENTRY ELEMENTS (KOHA)
Source of classification or shelving scheme
Koha item type Books
Copies
Source of classification or shelving scheme Permanent Location Damaged status Withdrawn status Copy number Price effective from Date last seen Lost status Full call number Koha item type Barcode Date acquired Not for loan Shelving location
 RHEMA Bible Training College  12010-04-142010-04-14 HQ 770.4 .T65Books125772010-04-14 General Stacks